000 00535nam a2200181Ia 4500
005 20250508161918.0
008 008 250505s9999 xx 000 0 hin d
037 _aTextual
040 _aFEDL
_beng
_cFEDL
041 _ahin
_2hin
084 _a389.15, SHA
_qFEDL
100 _aSharma Prabhu Dutt
245 0 _aDashmik pranali ke map aur toul: Adhyapakon ke liye margsarshika
260 _aDelhi, India
_bManager of Publications
_c1956
300 _a47p
942 _cTEXL
_h389.15, SHA
999 _c1373137
_d1373137